000 01007nam a22003137a 4500
001 5208
003 FISKH
005 20241119094920.0
008 241119b cb ||||| |||| 00| 0 eng d
020 _a9780761309352
040 _aFISKH
_beng
_cFISKH
_dFISKH
050 _aQD501.R544
082 _a540.78
100 _aRichards, Jon
245 _aChemicals & Reactions /
_cby Jon Richards
250 _aFirst published in the United States in 2000
260 _aLondon :
_bAladddin Books Ltd ;
_c2000 .
300 _a32 pages :
_bcolor illustrations ;
_c29 cm .
490 _aScience Factory
505 _aZ
520 _aDescribes experiments that demonstrate such chemical reactions as freezing, dissolving, and filtering and explains why they happen.
521 8 _a1110
_bLexile
521 8 _aZ
_bRaz-Plus
650 _ascience experiments
_vnon-fiction
650 _ahomeschool
_vnon-fiction
700 _aMoores, Ian
_eillustrator
942 _2ddc
_cBK
_n0
999 _c5208
_d5208